Cuentos completos 2

Kaydedildi:
Detaylı Bibliyografya
Yazar: Cortázar, Julio
Materyal Türü: Kitap
Dil:Undetermined
Baskı/Yayın Bilgisi: Buenos Aires, Argentina Punto de Lectura 2007
Edisyon:2
Konular:
Etiketler: Etiketle
Etiket eklenmemiş, İlk siz ekleyin!

MARC

LEADER 00000nam a2200000Ia 4500
008 170316s9999 xx 000 0 und d
040 |a cru BVZT 
090 |a 860 C-43c v.2 
100 |a Cortázar, Julio 
245 |a Cuentos completos 2 
250 |a 2 
260 |a Buenos Aires, Argentina 
260 |b Punto de Lectura 
260 |c 2007 
300 |a 622 páginas Vol.2 
650 |a LITERATURA LATINOAMERICANA 
650 |a CUENTOS 
999 |c 8538  |d 8538 
942 |c 15 D  |h 860 C-43c v.2  |2 z